02852nam a22003257a 4500008004100000020001800041040000800059041001300067100004400080240002600124245007900150260003700229300002400266490004200290490002400332520090000356520078501256650006002041650003302101650005602134650003702190650004102227650002702268651004502295655003102340700003902371942000802410952009302418999001502511251111b |||||||| |||| 00| 0 eng d a9782702166352 ctbs afreheng aConnelly, Michaeld1956-926466eauthor aDesert star.lFrench. aL'étoile du désertc/ Michael Connelly ; tranlsated by Robert Pépin. aParis : bCalmann-Lévy,c2023. a389 pages ;c22 cm. aRenée Ballard and Harry Bosch ; v4 aCalmann-Lévy noir aAprès avoir quitté le LAPD rongé par la misogynie, le défaitisme et la bureaucratie, Renée Ballard revient prendre la direction de l'unité des Affaires non résolues récemment reformée. Elle y recrute des stars de la police et demande à Harry Bosch, maintenant à la retraite, de l'aider à résoudre l'affaire de deux jeunes femmes tuées de la même façon à dix ans d'intervalle. Bosch ne saurait refuser: avec toutes les ressources du LAPD, peut-être pourra-t-il en profiter pour arrêter le psychopathe qui a abattu toute une famille dans le désert de Mojave et n'a jamais été retrouvé. S'il respecte Ballard, Bosch supporte mal son autorité et cela risque de nuire à leur travail. Et les tueurs, eux, n'entendent pas se laisser prendre après toutes ces années d'impunité. D'autant que pour Ballard, et surtout pour Bosch, le temps presse ... aAfter leaving the LAPD, worn down by misogyny, defeatism, and bureaucracy, Renée Ballard returns to take command of the recently reformed Cold Case Unit. She recruits some of the department’s top talent and asks retired detective Harry Bosch to help her solve a case involving two young women murdered in the same way, ten years apart. Bosch can’t refuse: with full access to LAPD resources, he just might be able to track down the psychopath who slaughtered an entire family in the Mojave Desert and was never caught. Though Bosch respects Ballard, he struggles with her authority—a tension that could jeopardize their work. And the killers, after years of impunity, have no intention of being caught now. For Ballard—and especially for Bosch—time is running out… 0aBallard, Renée (Fictitious character)vFiction926467 0aBosch, HarryvFiction926468 0aCold cases (Criminal investigation)vFiction926343 0aWomen detectivesvFiction926469 0aMurderxInvestigationvFiction97769 0aPolicevFiction926470 0aLos Angeles (California)vFiction924013 0aThrillers (Fiction)922669 aPépin, Robert926471etranslator 2lcc 00102lcc4070aTBSbTBSd2025-11-11l0oP-FR CONpB06056r2025-11-11t1w2025-11-11y1 c5168d5168